[Event "Langenfeld - Erkenschwick 2"]
[Site "?"]
[Date "2024.02.04"]
[Round "5.6"]
[White "Brochhagen, Thomas"]
[Black "Strozewski, Frank"]
[Result "1/2-1/2"]
[WhiteElo "1996"]
[BlackElo "2017"]
[PlyCount "239"]
[EventDate "2024.??.??"]

1. d4 d6 2. e4 g6 3. Nc3 Bg7 4. f4 Nc6 5. Nf3 Bg4 6. Be3 a6 7. Be2 e6 8. O-O Nge7 9. h3 Bxf3 10. Bxf3 f5 11. e5 d5 12. Qd2 b5 13. a4 b4 14. Ne2 Rb8 15. Nc1 Na5 16. b3 Kf7 17. Nd3 Nec6 18. Nc5 Rb6 19. Be2 Qc8 20. Nd3 Bf8 21. Rf2 Nb7 22. Raf1 Nca5 23. g4 c5 24. gxf5 exf5 25. Bf3 Kg7 26. Bxd5 c4 27. Nc1 Be7 28. Bf3 Rd8 29. d5 Bc5 30. Bd4 Bxd4 31. Qxd4 Qc5 32. Rd1 Qxd4 33. Rxd4 Nc5 34. bxc4 Ne6 35. Rd1 Nxf4 36. Kh2 g5 37. c5 Rh6 38. Bg2 Nc4 39. Re1 Nxg2 40. Kxg2 Rxd5 41. Rxf5 Rd2+ 42. Rf2 Rxf2+ 43. Kxf2 Rxh3 44. Nd3 a5 45. e6 Kf8 46. c6 Rh2+ 47. Kf3 Rxc2 48. Ke4 Ke7 49. Rh1 Nb6 50. Rxh7+ Kxe6 51. Rh6+ Ke7 52. c7 Nxa4 53. Ra6 Rxc7 54. Rxa5 Nc3+ 55. Kd4 b3 56. Rxg5 Kf6 57. Rc5 Ne2+ 58. Kc4 Rd7 59. Rc6+ Ke7 60. Rb6 Rd4+ 61. Kxb3 Rxd3+ 62. Kc4 Rd8 63. Rh6 Nf4 64. Rh1 Ke6 65. Re1+ Kf5 66. Re7 Nd5 67. Re1 Kf4 68. Rf1+ Ke4 69. Re1+ Ne3+ 70. Kc5 Rd5+ 71. Kc6 Rd3 72. Kc5 Ke5 73. Rh1 Rc3+ 74. Kb4 Kd4 75. Rh4+ Kd3 76. Rh3 Rc1 77. Rh5 Rc4+ 78. Kb3 Rc8 79. Kb4 Nc2+ 80. Kb3 Rb8+ 81. Ka4 Kc4 82. Rb5 Rh8 83. Rg5 Nd4 84. Ka5 Rb8 85. Rg4 Rb5+ 86. Ka4 Rd5 87. Rh4 Rg5 88. Ka3 Kd3 89. Rh3+ Kc4 90. Rh4 Ra5+ 91. Kb2 Rb5+ 92. Ka2 Kc3 93. Rh3+ Kd2 94. Rh2+ Ne2 95. Ka3 Kc3 96. Rh3+ Kc4 97. Rh2 Rb3+ 98. Ka4 Rb8 99. Ka3 Ng3 100. Rh7 Ne4 101. Rh4 Kd3 102. Rh3+ Kc2 103. Ka4 Nc5+ 104. Ka5 Nd3 105. Rh2+ Kb3 106. Rh3 Kc4 107. Rh4+ Kd5 108. Rh5+ Ne5 109. Ka4 Kd4 110. Rh4+ Kc3 111. Rh3+ Nd3 112. Rg3 Kc4 113. Rg4+ Kd5 114. Rg5+ Ke4 115. Rg4+ Ke3 116. Rg3+ Ke4 117. Rg4+ Kf3 118. Rh4 Nf4 119. Rh7 Nd5 120. Rh3+ 1/2-1/2

[Event "Langenfeld - Erkenschwick 2"]
[Site "?"]
[Date "2024.02.04"]
[Round "5.7"]
[White "Riechenberg, Maximilian"]
[Black "Hendrichs, Udo"]
[Result "0-1"]
[WhiteElo "1914"]
[BlackElo "1987"]
[PlyCount "78"]
[EventDate "2024.??.??"]

1. e4 e6 2. d4 d5 3. e5 c5 4. c3 Nc6 5. Nf3 Bd7 6. Be2 Nge7 7. O-O Nf5 8. dxc5 Bxc5 9. b4 Bb6 10. Re1 h6 11. Bd3 Nh4 12. a4 Bc7 13. Bf4 Nxf3+ 14. Qxf3 g5 15. Bg3 h5 16. h3 Qe7 17. Na3 O-O-O 18. Nb5 g4 19. hxg4 hxg4 20. Qxg4 Rdg8 21. Qf3 Qf8 22. Bf4 Qg7 23. Nxc7 Kxc7 24. b5 Ne7 25. g3 Ng6 26. Bxg6 Qxg6 27. Kg2 b6 28. Rac1 Kb8 29. Qe3 Bc8 30. Qd4 Bb7 31. Rh1 Rxh1 32. Rxh1 Rc8 33. Rh6 Qg7 34. f3 Rc4 35. Qd3 Rxf4 36. Rh7 Qg8 37. Qe3 Qxh7 38. Qxf4 Qc2+ 39. Kh3 Qxc3 0-1

[Event "Langenfeld - Erkenschwick 2"]
[Site "?"]
[Date "2024.02.04"]
[Round "5.8"]
[White "Weber, Christian"]
[Black "Jungbluth, Rolf"]
[Result "1/2-1/2"]
[WhiteElo "1766"]
[BlackElo "2050"]
[PlyCount "67"]
[EventDate "2024.??.??"]

1. f4 c5 2. Nf3 Nc6 3. e3 d5 4. Bb5 Bd7 5. O-O Nf6 6. d3 a6 7. Bxc6 Bxc6 8. Ne5 Qc7 9. a4 Nd7 10. Nxc6 Qxc6 11. Nc3 e6 12. Qf3 g6 13. Bd2 Bg7 14. e4 dxe4 15. Qxe4 Rc8 16. Kh1 O-O 17. Rae1 Rfd8 18. b3 Nf6 19. Qxc6 Rxc6 20. h3 Nd5 21. Nxd5 Rxd5 22. a5 Bf6 23. Re4 h5 24. g4 Kf8 25. Kg2 Rd4 26. Kf3 Ke7 27. Bc3 Rd5 28. Bxf6+ Kxf6 29. Rfe1 hxg4+ 30. hxg4 c4 31. g5+ Ke7 32. Rxc4 Rxa5 33. Rxc6 bxc6 34. Re4 1/2-1/2

[Event "Erkenschwick II - Bochum 2"]
[Site "?"]
[Date "2024.02.25"]
[Round "6.1"]
[White "Kraemer, Matthias"]
[Black "Homs, Guust"]
[Result "1-0"]
[WhiteElo "2256"]
[BlackElo "2152"]
[PlyCount "39"]
[EventDate "2024.??.??"]

1. e4 e5 2. Nf3 Nc6 3. Bb5 a6 4. Ba4 d6 5. Nc3 Nge7 6. O-O g6 7. d4 b5 8. Bb3 Bg7 9. dxe5 Nxe5 10. Nxe5 Bxe5 11. f4 Bxc3 12. bxc3 c5 13. c4 Bb7 14. Bb2 O-O 15. Qd3 b4 16. Bf6 Qc7 17. f5 Rfe8 18. Qd2 Qc6 19. Qh6 Nxf5 20. Rxf5 1-0

[Event "Erkenschwick II - Bochum 2"]
[Site "?"]
[Date "2024.02.25"]
[Round "6.2"]
[White "Krings, Christoph"]
[Black "Heinbuch, Detlef Ulrich"]
[Result "0-1"]
[WhiteElo "2177"]
[BlackElo "2268"]
[PlyCount "76"]
[EventDate "2024.??.??"]

1. d4 d5 2. Nf3 Nf6 3. g3 Bf5 4. Bg2 h6 5. O-O e6 6. c4 c6 7. Nc3 Be7 8. b3 Nbd7 9. Bb2 O-O 10. Ne5 Nxe5 11. dxe5 Nd7 12. e4 dxe4 13. Nxe4 Nc5 14. Qe2 Qd3 15. Qxd3 Nxd3 16. Bc3 Rfd8 17. Rfd1 Rd7 18. Kf1 Rad8 19. Ke2 Bg4+ 20. f3 Bf5 21. a3 Bxe4 22. fxe4 h5 23. Bf3 g6 24. b4 Bg5 25. Kf1 Kf8 26. Be2 Ke8 27. Rab1 Bh6 28. c5 Bg7 29. Bxd3 Rxd3 30. Rxd3 Rxd3 31. Rc1 Re3 32. b5 Rxe4 33. bxc6 bxc6 34. Rb1 Bxe5 35. Bxe5 Rxe5 36. Rb8+ Ke7 37. Rb7+ Kf6 38. Rxa7 Rxc5 0-1

[Event "Erkenschwick II - Bochum 2"]
[Site "?"]
[Date "2024.02.25"]
[Round "6.3"]
[White "Wolter, Detlev"]
[Black "Schulz, Dennis"]
[Result "1/2-1/2"]
[WhiteElo "2220"]
[BlackElo "1931"]
[PlyCount "62"]
[EventDate "2024.??.??"]

1. d4 d5 2. Nf3 Nf6 3. c4 e6 4. Nc3 c6 5. e3 Be7 6. b3 O-O 7. Bd3 Nbd7 8. O-O b6 9. Bb2 Bb7 10. Qe2 h6 11. Rfd1 Rc8 12. Rac1 Re8 13. e4 dxe4 14. Nxe4 Nxe4 15. Bxe4 Nf6 16. Bb1 Ba6 17. Ne5 Qc7 18. Rc3 c5 19. Rg3 Rcd8 20. dxc5 Rxd1+ 21. Qxd1 Rd8 22. Rd3 Rxd3 23. Qxd3 bxc5 24. Ng4 Qd8 25. Qxd8+ Bxd8 26. Nxf6+ Bxf6 27. Bxf6 gxf6 28. Be4 Kf8 29. f4 f5 30. Bf3 Bc8 31. Kf2 f6 1/2-1/2

[Event "Erkenschwick II - Bochum 2"]
[Site "?"]
[Date "2024.02.25"]
[Round "6.4"]
[White "Trzaska, Peter"]
[Black "Pewny, Uwe"]
[Result "0-1"]
[WhiteElo "2085"]
[BlackElo "2220"]
[PlyCount "102"]
[EventDate "2024.??.??"]

1. e4 d6 2. d4 Nf6 3. Nc3 e5 4. dxe5 dxe5 5. Qxd8+ Kxd8 6. Bg5 Be6 7. O-O-O+ Kc8 8. Nf3 Nbd7 9. Bh4 h6 10. Bg3 Bd6 11. Nd2 Bb4 12. Be2 Re8 13. Ndb1 Bc5 14. Nd2 a6 15. Nb3 Bb6 16. Kb1 a5 17. a4 c6 18. Rhf1 Re7 19. f4 exf4 20. Bxf4 Bxb3 21. Bd6 Re8 22. cxb3 Bc7 23. Bc4 Bxd6 24. Rxd6 Kc7 25. Rfd1 Ne5 26. h3 Re7 27. R6d2 Rae8 28. Rf2 Nfd7 29. g4 Nc5 30. Rg1 f6 31. h4 Nxc4 32. bxc4 Nxe4 33. Nxe4 Rxe4 34. g5 hxg5 35. hxg5 Re1+ 36. Rxe1 Rxe1+ 37. Kc2 Re6 38. Kc3 c5 39. Rd2 Rd6 40. Rf2 b6 41. gxf6 gxf6 42. Re2 Kd7 43. Re3 Re6 44. Rh3 Rd6 45. Re3 f5 46. Re5 Rf6 47. Rd5+ Ke7 48. Re5+ Kf7 49. Kd3 Rd6+ 50. Kc3 Kf6 51. Re8 f4 0-1

[Event "Erkenschwick II - Bochum 2"]
[Site "?"]
[Date "2024.02.25"]
[Round "6.5"]
[White "Schaefers, Andreas"]
[Black "Eggenstein, Frank"]
[Result "1-0"]
[WhiteElo "1987"]
[BlackElo "1973"]
[PlyCount "71"]
[EventDate "2024.??.??"]

1. d4 Nf6 2. c4 g6 3. Nc3 Bg7 4. e4 d6 5. f3 O-O 6. Be3 a6 7. Qd2 Nbd7 8. O-O-O c6 9. g4 b5 10. h4 bxc4 11. h5 Re8 12. Bh6 Nf8 13. hxg6 fxg6 14. Bxg7 Kxg7 15. Qh6+ Kg8 16. Bxc4+ e6 17. e5 Nd5 18. Ne4 Re7 19. Nxd6 Rg7 20. Qd2 a5 21. Ne2 Ba6 22. Bxa6 Rxa6 23. Ng3 a4 24. a3 Rb6 25. Nge4 Qb8 26. Rh2 Qa8 27. Rdh1 Qd8 28. g5 Rb8 29. Nf6+ Kh8 30. Nxh7 Nxh7 31. Rxh7+ Rxh7 32. Nf7+ Kg8 33. Rxh7 Kxh7 34. Nxd8 Rxd8 35. Qa5 Rf8 36. Qxa4 1-0

[Event "Erkenschwick II - Bochum 2"]
[Site "?"]
[Date "2024.02.25"]
[Round "6.6"]
[White "Al Marawi, Abdulhadi"]
[Black "Goralski, Christian"]
[Result "1/2-1/2"]
[WhiteElo "2034"]
[BlackElo "2110"]
[PlyCount "141"]
[EventDate "2024.??.??"]

1. Nf3 d5 2. d4 Nf6 3. c4 dxc4 4. Nc3 e6 5. e4 Bb4 6. Bg5 c5 7. e5 h6 8. exf6 hxg5 9. fxg7 Rg8 10. dxc5 Qxd1+ 11. Rxd1 Rxg7 12. Rc1 Nc6 13. Bxc4 Bxc5 14. Bb5 Bd7 15. O-O a6 16. Bxc6 Bxc6 17. Ne5 Rc8 18. Nxc6 Rxc6 19. Ne4 Bd4 20. Rxc6 bxc6 21. b3 f5 22. Nd6+ Kf8 23. Re1 Re7 24. h3 Bc5 25. Nc4 Bd4 26. Kf1 Kg7 27. Rd1 e5 28. Nd6 Kf6 29. g4 fxg4 30. hxg4 Rh7 31. Kg2 Ke6 32. Ne4 Ke7 33. f3 Be3 34. Ng3 Bf4 35. Nf5+ Ke8 36. Nd6+ Kd7 37. Nc4+ Kc7 38. Rh1 Rxh1 39. Kxh1 c5 40. Kg2 Kc6 41. Kf2 Kd5 42. Ke2 Kd4 43. Nb2 Kc3 44. Na4+ Kd4 45. Nb6 Kc3 46. Nd5+ Kc2 47. b4 c4 48. a4 Bc1 49. b5 axb5 50. axb5 Ba3 51. b6 Bd6 52. b7 c3 53. Ne3+ Kb3 54. Kd3 Bb8 55. Nc2 Kb2 56. Ne3 Kb3 57. Ke4 c2 58. Nxc2 Kxc2 59. Kf5 Kd3 60. Kxg5 Ke3 61. Kh5 Kxf3 62. g5 e4 63. g6 e3 64. g7 e2 65. g8=Q e1=Q 66. Qxb8 Qh1+ 67. Kg6 Qb1+ 68. Kf7 Qb3+ 69. Ke7 Qb4+ 70. Kd7 Qb5+ 71. Ke7 1/2-1/2

[Event "Erkenschwick II - Bochum 2"]
[Site "?"]
[Date "2024.02.25"]
[Round "6.7"]
[White "Hinkmann, Jens"]
[Black "Strozewski, Frank"]
[Result "0-1"]
[WhiteElo "2095"]
[BlackElo "2017"]
[PlyCount "92"]
[EventDate "2024.??.??"]

1. e4 d6 2. d4 g6 3. Nc3 Bg7 4. Bg5 h6 5. Be3 Nc6 6. Bb5 a6 7. Bxc6+ bxc6 8. Nge2 Rb8 9. b3 e6 10. Qd2 d5 11. f3 Qh4+ 12. g3 Qe7 13. Na4 Nf6 14. Nc5 Nd7 15. Nxd7 Bxd7 16. Nc3 Qb4 17. a3 Qa5 18. b4 Rxb4 19. Nxd5 Ra4 20. Qxa5 Rxa5 21. Nf4 c5 22. c3 O-O 23. Nd3 cxd4 24. cxd4 Rb8 25. Kd2 Bb5 26. Rhc1 Bxd3 27. Kxd3 c5 28. a4 cxd4 29. Bd2 Rh5 30. h4 Rb3+ 31. Kc4 Rxf3 32. Be1 Re3 33. Bf2 Rxe4 34. Kd3 Rg4 35. Rc8+ Kh7 36. Rc6 Rf5 37. Be1 a5 38. Rac1 e5 39. R1c5 e4+ 40. Kd2 Rf3 41. Rxa5 Ra3 42. Ra7 e3+ 43. Ke2 d3+ 44. Kxe3 Bd4+ 45. Kf3 d2+ 46. Kxg4 d1=Q+ 0-1

[Event "Erkenschwick II - Bochum 2"]
[Site "?"]
[Date "2024.02.25"]
[Round "6.8"]
[White "Riechenberg, Maximilian"]
[Black "Hart, Klaus"]
[Result "1-0"]
[WhiteElo "1914"]
[BlackElo "1875"]
[PlyCount "61"]
[EventDate "2024.??.??"]

1. e4 e5 2. Nf3 Nf6 3. Nxe5 d6 4. Nf3 Nxe4 5. d4 Be7 6. Bd3 Nf6 7. c4 O-O 8. O-O Bg4 9. Nbd2 Nc6 10. Qb3 Rb8 11. d5 Ne5 12. Nxe5 dxe5 13. Re1 Bd6 14. Qc2 Re8 15. b3 b6 16. Bb2 h6 17. h3 Bc8 18. Nf3 Nd7 19. Bf5 f6 20. Be6+ Kh8 21. Nh4 Nf8 22. Bf7 Re7 23. Bh5 Bd7 24. Re2 Qc8 25. Rae1 c6 26. dxc6 Qxc6 27. Bf3 Qc8 28. Qd2 Qc5 29. Rd1 Bc7 30. Qc1 Qc6 31. Bxc6 1-0

[Event "Südlohn- Langenfeld"]
[Site "?"]
[Date "2024.02.25"]
[Round "6.1"]
[White "Rechmann, Peter"]
[Black "Mamedov, Aflatun"]
[Result "0-1"]
[WhiteElo "2242"]
[BlackElo "2172"]
[PlyCount "122"]
[EventDate "2024.??.??"]

1. d4 Nf6 2. Nf3 g6 3. g3 Bg7 4. Bg2 O-O 5. O-O d6 6. Nbd2 c5 7. dxc5 dxc5 8. c3 Nc6 9. Nb3 c4 10. Nbd2 Na5 11. Qc2 Qc7 12. Ng5 h6 13. Nge4 Rd8 14. Nxf6+ Bxf6 15. Nf3 Bg7 16. Be3 Bf5 17. Qc1 Kh7 18. Nd4 Bd7 19. f4 e6 20. Qc2 a6 21. h4 h5 22. Rad1 Nc6 23. Nf3 Kg8 24. Ng5 Ne7 25. Bf2 Nf5 26. e4 Nh6 27. Qe2 b5 28. Bd4 f6 29. Nf3 e5 30. fxe5 fxe5 31. Be3 Bg4 32. Bg5 Rf8 33. Rd5 Nf7 34. Qd2 Be6 35. Be3 Bxd5 36. exd5 Rad8 37. Qc2 Qd6 38. Nd2 Nh6 39. Rxf8+ Rxf8 40. Ne4 Qd7 41. Bxh6 Bxh6 42. Kh2 Qa7 43. Qd1 Qe3 44. d6 Qd3 45. Qe1 Kg7 46. Kh3 a5 47. Kh2 Rf5 48. Kh1 a4 49. Kh2 Rf8 50. Qg1 Be3 51. Qe1 Bb6 52. Qc1 Rf5 53. Kh1 Ba7 54. Qe1 Bb6 55. Kh2 Qc2 56. Kh3 Kf8 57. a3 Qd3 58. Qc1 Be3 59. Qe1 Ke8 60. Kh2 Kd8 61. Kh3 Rf4 0-1

[Event "Südlohn - Langenfeld"]
[Site "?"]
[Date "2024.02.25"]
[Round "6.2"]
[White "Teloeken, Andreas"]
[Black "Keller, Karsten"]
[Result "0-1"]
[WhiteElo "2086"]
[BlackElo "2191"]
[PlyCount "30"]
[EventDate "2024.??.??"]

1. Nf3 c5 2. c4 Nc6 3. d4 cxd4 4. Nxd4 Nf6 5. Nc3 e6 6. g3 Qb6 7. Nb3 Ne5 8. e4 Bb4 9. Qe2 a5 10. f4 Neg4 11. Bd2 a4 12. Nc1 a3 13. bxa3 Bxc3 14. Bxc3 Nxe4 15. Qxe4 Qf2+ 0-1

[Event "Südlohn - Langenfeld"]
[Site "?"]
[Date "2024.02.25"]
[Round "6.3"]
[White "Reinemer, Frank"]
[Black "Engels, Natia"]
[Result "0-1"]
[WhiteElo "2084"]
[BlackElo "2085"]
[PlyCount "114"]
[EventDate "2024.??.??"]

1. d4 d6 2. c4 g6 3. e4 Bg7 4. Nc3 Nd7 5. f4 e5 6. fxe5 dxe5 7. d5 Ngf6 8. Nf3 O-O 9. Bd3 Nh5 10. O-O Nc5 11. Be3 Nxd3 12. Qxd3 f5 13. Bg5 Bf6 14. Qd2 f4 15. Bxf6 Qxf6 16. Nb5 Bg4 17. d6 cxd6 18. Qxd6 a6 19. Qxf6 Nxf6 20. Nd6 Bxf3 21. gxf3 b6 22. b4 Nd7 23. Rfd1 Ra7 24. Rd5 Rc7 25. Rad1 Nb8 26. a3 Nc6 27. Kg2 Re7 28. b5 Nd4 29. bxa6 Nc2 30. Nb5 Ne3+ 31. Kh3 g5 32. Rg1 Rg7 33. Rxe5 g4+ 34. fxg4 f3 35. Rf5 Nxf5 36. exf5 h5 37. g5 Rxf5 38. a7 Rf8 39. Kh4 Rf4+ 40. Kg3 Rf8 41. Kh4 Rgf7 42. Kxh5 Kg7 43. Kg4 f2 44. Rf1 Rf3 45. h4 R8f4+ 46. Kh5 Rh3 47. g6 Rhxh4+ 48. Kg5 Rhg4+ 49. Kh5 Kf6 50. Rh1 Rg5+ 51. Kh6 Rxg6+ 52. Kh7 Rg7+ 53. Kh8 Rxa7 54. Nxa7 Rh4+ 55. Rxh4 f1=Q 56. Rh6+ Kf7 57. Nc8 Qa1+ 0-1

[Event "Südlohn- Langenfeld"]
[Site "?"]
[Date "2024.02.25"]
[Round "6.4"]
[White "Doennebrink, Elmar"]
[Black "Reuter, Michael"]
[Result "0-1"]
[WhiteElo "2088"]
[BlackElo "2052"]
[PlyCount "76"]
[EventDate "2024.??.??"]

1. e4 c6 2. d4 d5 3. exd5 cxd5 4. Bd3 Nc6 5. c3 Nf6 6. Bf4 Bg4 7. Qb3 Qd7 8. Nd2 e6 9. Ngf3 a6 10. Ne5 Nxe5 11. dxe5 Ng8 12. O-O Bc5 13. h3 Bh5 14. Rfe1 Ne7 15. Be3 Bxe3 16. Rxe3 O-O 17. Qc2 Bg6 18. Nf3 Rfc8 19. Nd4 b5 20. Qe2 Nc6 21. a4 Nxd4 22. cxd4 Bxd3 23. Rxd3 b4 24. a5 Rab8 25. Qd2 Qc7 26. Ra4 Qc2 27. Qxc2 Rxc2 28. Rb3 Rc4 29. Rd3 Kf8 30. Kf1 Ke7 31. Ke2 Rb7 32. Ke3 Kd7 33. Kd2 Rbc7 34. Ke3 Kc6 35. b3 Kb5 36. bxc4+ Kxa4 37. c5 Kxa5 38. Kd2 Kb5 0-1

[Event "Südlohn - Langenfeld"]
[Site "?"]
[Date "2024.02.25"]
[Round "6.5"]
[White "Pejkovic, Patrick Slavko"]
[Black "Hater, Wolfgang"]
[Result "1/2-1/2"]
[WhiteElo "2098"]
[BlackElo "2075"]
[PlyCount "129"]
[EventDate "2024.??.??"]

1. Nf3 d6 2. d4 Nd7 3. Bf4 g6 4. e3 Bg7 5. c4 e5 6. Bg3 Ne7 7. Nc3 O-O 8. Be2 Nf5 9. dxe5 dxe5 10. e4 Nxg3 11. hxg3 c6 12. b4 Qe7 13. Rb1 Rd8 14. Qc1 Nf8 15. Qg5 Qxg5 16. Nxg5 Bf6 17. Nf3 a5 18. b5 Be6 19. O-O Nd7 20. Na4 Rab8 21. Rfc1 Be7 22. Ne1 Bc5 23. Nxc5 Nxc5 24. f3 Rd2 25. Rc2 Rxc2 26. Nxc2 Rd8 27. bxc6 bxc6 28. Kf1 Rd2 29. Rc1 Nd3 30. Ra1 Rxc2 31. Bxd3 Rc3 32. Ke2 Bxc4 33. Bxc4 Rxc4 34. Kd3 Ra4 35. a3 Kf8 36. Kc3 Ke7 37. Ra2 h5 38. Kb3 Rd4 39. Kc3 Kd6 40. Rb2 Kc7 41. Rb1 Rd7 42. Rb2 Rd1 43. Kc2 Rd4 44. Kc3 f5 45. exf5 gxf5 46. Rb1 h4 47. Rh1 hxg3 48. Rh5 Rf4 49. Rg5 Kd6 50. Rxg3 Kd5 51. Rg8 Rc4+ 52. Kb2 Rf4 53. Kc3 Ra4 54. Kb3 Rh4 55. Rd8+ Ke6 56. Re8+ Kd6 57. Rd8+ Ke7 58. Ra8 Rh2 59. Rg8 Kf7 60. Rg5 Kf6 61. Rg8 Rh4 62. Rc8 Kg5 63. Rg8+ Kf6 64. Rc8 Kg5 65. Rg8+ 1/2-1/2

[Event "Südlohn- Langenfeld"]
[Site "?"]
[Date "2024.02.25"]
[Round "6.6"]
[White "Funke, Reinhard"]
[Black "Brochhagen, Thomas"]
[Result "1-0"]
[WhiteElo "2069"]
[BlackElo "1996"]
[PlyCount "113"]
[EventDate "2024.??.??"]

1. Nf3 d5 2. d4 Nf6 3. c4 e6 4. g3 Be7 5. Bg2 b6 6. O-O Bb7 7. b3 Nbd7 8. Bb2 O-O 9. Nbd2 c5 10. e3 Rc8 11. Rc1 Rc7 12. Qe2 Qa8 13. dxc5 Bxc5 14. cxd5 Bxd5 15. b4 Bd6 16. Rxc7 Bxc7 17. a3 a5 18. Re1 axb4 19. axb4 Qa2 20. Bc3 Qc2 21. Ba1 Ra8 22. Nd4 Qa2 23. e4 Bb7 24. Bc3 e5 25. Nb5 Bb8 26. Ra1 Qe6 27. Rxa8 Bxa8 28. Qd3 h6 29. f3 Bb7 30. Bf1 Ba6 31. Qc4 Qxc4 32. Bxc4 Kf8 33. Kf2 g6 34. Ke3 Ke7 35. Kd3 h5 36. h4 Ne8 37. Nb1 Nef6 38. Bd2 Ne8 39. N1c3 Bb7 40. Be3 Nd6 41. Na4 Nxc4 42. Kxc4 f5 43. Nbc3 f4 44. Bf2 Kd6 45. gxf4 exf4 46. Bd4 Ne5+ 47. Bxe5+ Kxe5 48. Nxb6 Bd6 49. Nd7+ Ke6 50. Nc5+ Bxc5 51. Kxc5 g5 52. hxg5 h4 53. Ne2 Ke5 54. g6 h3 55. g7 h2 56. g8=Q h1=Q 57. Qg7+ 1-0

[Event "Südlohn- Langenfeld"]
[Site "?"]
[Date "2024.02.25"]
[Round "6.7"]
[White "Hendrichs, Udo"]
[Black "Loesing, Henrik"]
[Result "1/2-1/2"]
[WhiteElo "1987"]
[BlackElo "1910"]
[PlyCount "35"]
[EventDate "2024.??.??"]

1. d4 Nf6 2. Nf3 g6 3. e3 Bg7 4. Be2 c5 5. O-O O-O 6. b3 b6 7. Bb2 d5 8. Nbd2 Ba6 9. Ne5 Bxe2 10. Qxe2 Qc7 11. Rac1 Nbd7 12. f4 Ne4 13. c4 Nxe5 14. dxe5 Nxd2 15. Qxd2 dxc4 16. Rxc4 Rfd8 17. Qc1 a5 18. Rc2 1/2-1/2

[Event "Südlohn - Langenfeld"]
[Site "?"]
[Date "2024.02.25"]
[Round "6.8"]
[White "Sparwel, Oliver"]
[Black "Weber, Christian"]
[Result "1-0"]
[WhiteElo "1982"]
[BlackElo "1766"]
[PlyCount "93"]
[EventDate "2024.??.??"]

1. d4 d5 2. c4 e6 3. Nf3 f5 4. Nc3 Nf6 5. e3 c6 6. Bd3 Bd6 7. c5 Bc7 8. b4 O-O 9. Bb2 Bd7 10. O-O Be8 11. Ne5 Bxe5 12. dxe5 Ng4 13. Be2 Qh4 14. Bxg4 fxg4 15. Qd4 Qg5 16. e4 Nd7 17. exd5 cxd5 18. Nxd5 exd5 19. Qxd5+ Kh8 20. Qxb7 Rb8 21. Qxa7 Rc8 22. Rae1 Qd2 23. c6 Rxc6 24. e6 Nf6 25. Bxf6 gxf6 26. e7 Rf7 27. b5 Rc8 28. Rd1 Qb4 29. Qb7 Qc5 30. Rd8 Rxd8 31. exd8=Q Rxb7 32. Qxe8+ Kg7 33. a4 Ra7 34. Qe3 Qxe3 35. fxe3 Rxa4 36. Rb1 Ra7 37. Kf2 Kg6 38. e4 f5 39. b6 Rb7 40. Ke3 Kf6 41. exf5 Kxf5 42. Kd4 Ke6 43. Kc5 Kd7 44. Rf1 Rb8 45. Rf7+ Ke6 46. Rxh7 Rc8+ 47. Rc7 1-0

[Event "Raesfeld - Katernberg 3"]
[Site "?"]
[Date "2024.02.25"]
[Round "6.1"]
[White "Krueger, Erich"]
[Black "Wilger, Frank"]
[Result "0-1"]
[WhiteElo "2137"]
[BlackElo "2102"]
[PlyCount "78"]
[EventDate "2024.??.??"]

1. d4 d5 2. c4 e6 3. Nc3 Be7 4. cxd5 exd5 5. Bf4 c6 6. e3 Bf5 7. Bd3 Bxd3 8. Qxd3 Nf6 9. Nf3 Nbd7 10. h3 h6 11. O-O O-O 12. Rab1 a5 13. a3 Re8 14. b4 b5 15. Ne5 Nxe5 16. dxe5 Nd7 17. Ne2 axb4 18. axb4 Nb6 19. Nd4 Qd7 20. Rfc1 Nc4 21. Rc3 Bf8 22. Bg3 Ra2 23. f4 Nd2 24. Rxc6 Nxb1 25. Qxb1 Rea8 26. Rc1 Qa7 27. Qb3 Ra1 28. Rxa1 Qxa1+ 29. Kh2 Qf1 30. Nc2 Qc4 31. Qxc4 bxc4 32. Be1 Ra2 33. Nd4 Ra1 34. Bc3 Rb1 35. Nc6 Rb3 36. Bd4 c3 37. Na5 Ra3 38. f5 Bxb4 39. e6 Rxa5 0-1

[Event "Raesfeld - Katernberg 3"]
[Site "?"]
[Date "2024.02.25"]
[Round "6.3"]
[White "Rosen, Willy"]
[Black "Gesing, Felix"]
[Result "1/2-1/2"]
[WhiteElo "2110"]
[BlackElo "2072"]
[PlyCount "49"]
[EventDate "2024.??.??"]

1. e4 d6 2. d4 Nf6 3. Nc3 Nbd7 4. Nf3 e5 5. Bc4 Be7 6. O-O c6 7. Qe2 O-O 8. a4 Qc7 9. b3 exd4 10. Nxd4 Ne5 11. h3 Rd8 12. Re1 Nxc4 13. Qxc4 d5 14. exd5 Nxd5 15. Nxd5 Rxd5 16. Bb2 Qd8 17. Re4 Bd7 18. Qe2 Bf6 19. c4 Rd6 20. Re1 h6 21. Nf3 Be6 22. Bxf6 Qxf6 23. Qe3 b6 24. Nd4 Bd7 25. Rf4 1/2-1/2

[Event "Raesfeld - Katernberg 3"]
[Site "?"]
[Date "2024.02.25"]
[Round "6.4"]
[White "Pollok, Ralf"]
[Black "Heldt, Maximilian"]
[Result "0-1"]
[WhiteElo "2023"]
[BlackElo "2059"]
[PlyCount "40"]
[EventDate "2024.??.??"]

1. e4 e6 2. d4 d5 3. e5 c5 4. c3 Qb6 5. Nf3 Nc6 6. Bd3 Bd7 7. O-O Nh6 8. dxc5 Bxc5 9. b4 Be7 10. Be3 Qc7 11. h3 Nxe5 12. Nxe5 Qxe5 13. Bd4 Qf4 14. Qe2 Bf6 15. g3 Qg5 16. Nd2 Nf5 17. Bxf5 Qxf5 18. Kh2 e5 19. Bxe5 Bxe5 20. Rae1 f6 0-1

[Event "Raesfeld - Katernberg 3"]
[Site "?"]
[Date "2024.02.25"]
[Round "6.5"]
[White "Gallas, Noel"]
[Black "Borutta, Niklas"]
[Result "1-0"]
[WhiteElo "1938"]
[BlackElo "2005"]
[PlyCount "49"]
[EventDate "2024.??.??"]

1. e4 d5 2. exd5 Qxd5 3. Nc3 Qd8 4. Bc4 Nf6 5. d3 a6 6. Bd2 c5 7. a4 Nc6 8. Nge2 e6 9. O-O Be7 10. Ng3 b6 11. f4 Nd4 12. Nce4 g6 13. c3 Nf5 14. Nxf5 gxf5 15. Nxf6+ Bxf6 16. Qh5 Kf8 17. Be3 Bb7 18. Rad1 Qe8 19. d4 Qxa4 20. b3 Qa5 21. dxc5 b5 22. Rd7 Be7 23. Bxe6 fxe6 24. Qh6+ Ke8 25. Qxe6 1-0

[Event "Raesfeld - Katernberg 3"]
[Site "?"]
[Date "2024.02.25"]
[Round "6.7"]
[White "Sauer, Bernd"]
[Black "Beckmann, Klaus"]
[Result "1/2-1/2"]
[WhiteElo "1862"]
[BlackElo "2077"]
[PlyCount "146"]
[EventDate "2024.??.??"]

1. b4 d5 2. Bb2 Nf6 3. e3 e6 4. b5 a6 5. a4 axb5 6. axb5 Rxa1 7. Bxa1 Bd6 8. Nf3 Nbd7 9. Be2 O-O 10. O-O c5 11. bxc6 bxc6 12. d3 Qc7 13. Nbd2 Bb7 14. c4 Ra8 15. Qc2 h6 16. h3 c5 17. Bc3 Bc6 18. Ra1 Rxa1+ 19. Bxa1 Be7 20. Bc3 Bd8 21. Qb2 Qb7 22. Ne5 Nxe5 23. Qxb7 Bxb7 24. Bxe5 Be7 25. Bd1 Bc6 26. Bf3 Kf8 27. Kf1 Nd7 28. Bb2 f6 29. Ba3 Ne5 30. Be2 dxc4 31. dxc4 Nd7 32. Bf3 Bxf3 33. Nxf3 Nb6 34. Nd2 Ke8 35. Ke2 Kd7 36. Kd3 Kc6 37. Nb3 Nd7 38. f4 f5 39. Nd4+ cxd4 40. Bxe7 dxe3 41. Kxe3 e5 42. fxe5 Nxe5 43. Bf8 Nxc4+ 44. Kd4 Nd6 45. Ke5 Nc4+ 46. Kd4 Nd6 47. Bxg7 Nf7 48. Bf8 Kd7 49. h4 Ke6 50. Bg7 h5 51. Ke3 Nd6 52. Kf4 Ne4 53. Bb2 Nd6 54. Kg5 Nc4 55. Bd4 Kd5 56. Ba7 Ke4 57. Kxh5 f4 58. Kg4 Ne3+ 59. Kh3 Nf5 60. Bf2 Nh6 61. h5 Kf5 62. Kh4 Ng4 63. Bc5 Nh6 64. Bf8 Ng4 65. h6 Nf6 66. Bg7 Nh7 67. Kh5 Ng5 68. Bf8 Ne4 69. h7 Nf6+ 70. Kh6 Nxh7 71. Kxh7 Kg4 72. Bd6 Kg3 73. Bxf4+ Kxg2 1/2-1/2

[Event "Münster III - Gütersloh"]
[Site "?"]
[Date "2024.02.25"]
[Round "6.1"]
[White "Plassmann, Dominik"]
[Black "Korth, Daniel"]
[Result "1/2-1/2"]
[WhiteElo "2160"]
[BlackElo "2176"]
[PlyCount "68"]
[EventDate "2024.??.??"]

1. e4 e5 2. Nc3 Nf6 3. d4 exd4 4. Qxd4 Nc6 5. Qd3 d5 6. Bf4 d4 7. Nb5 Bb4+ 8. c3 dxc3 9. Qxd8+ Kxd8 10. O-O-O+ Bd7 11. bxc3 Ba5 12. f3 a6 13. Nd4 Bxc3 14. Nxc6+ bxc6 15. Bc4 Rf8 16. Ne2 Bb4 17. Rd3 Kc8 18. Rhd1 Bc5 19. Be5 Be8 20. Rd8+ Kb7 21. Rxa8 Kxa8 22. Bxa6 Kb8 23. Rd3 Nd7 24. Bg3 Nb6 25. Rb3 f6 26. Bc4 Ka7 27. Be6 Kb7 28. a4 Ka6 29. Bxc7 Nxa4 30. Bc8+ Ka7 31. Rb7+ Ka8 32. Rb8+ Ka7 33. Rb7+ Ka8 34. Rb8+ Ka7 1/2-1/2

[Event "Münster III - Gütersloh"]
[Site "?"]
[Date "2024.02.25"]
[Round "6.2"]
[White "Becker, Stefan"]
[Black "Ebert, Manuel"]
[Result "1/2-1/2"]
[WhiteElo "2016"]
[BlackElo "2143"]
[PlyCount "30"]
[EventDate "2024.??.??"]

1. c4 e5 2. g3 Nf6 3. Bg2 c6 4. Nf3 e4 5. Nd4 Bc5 6. Nc2 O-O 7. O-O d5 8. d4 exd3 9. Qxd3 Be6 10. cxd5 Nxd5 11. Nc3 Nb4 12. Nxb4 Bxb4 13. Qc2 Nd7 14. Bf4 Qa5 15. Ne4 Be7 1/2-1/2